Amino Acids by Category - Statistics

General Stats
  • This quiz has been taken 222 times
  • The average score is 17 of 20
Answer Stats
Answer % Correct
Alanine
94%
Isoleucine
92%
Leucine
92%
Valine
90%
Glycine
89%
Tryptophan
88%
Glutamine
87%
Serine
87%
Phenylalanine
85%
Tyrosine
85%
Glutamic Acid
84%
Histidine
84%
Cysteine
83%
Proline
83%
Asparagine
82%
Lysine
82%
Threonine
81%
Aspartic Acid
80%
Methionine
79%
Arginine
77%
No matching quizzes found
Score Distribution
Percent of People with Each Score
Percentile by Number Answered
Your Score History
You have not taken this quiz